Diseñar un plan de marketing digital para el posicionamiento de la Empresa "JDL Soluciones Informáticas" en la ciudad de La Paz, Distrito Maximiliano Paredes, Alto Huyustus. (Registro nro. 9676)

000 -CABECERA (24)
Campo de control interno 02717nam a22002654a 4500
003 - IDENTIFICADOR DE CONTROL
Campo control BOLpUSFA
005 - FECHA Y HORA DE CATALOGACION
Campo de control 20260420171021.0
008 - ELEMENTOS DE LONGITUD FIJA - INFORMACIÓN GENERAL
Campo de control de longitud fija t bo grm 001 | spa||
040 ## - Origen de la Catalogacion
Origen de la Catalogacion BOLpUSFA
041 ## - Código de idioma (R)
Código de lengua del texto/banda sonora o título independiente (R) spa
044 ## - Código de país de la publicación
Codigo de pais MARC BO
082 ## - Número de la Clasificación Decimal Dewey
Número de la Clasificación Decimal Dewey ICO0040
Codigo Cutter C266dPG
100 ## - Autor Personal
Autor Personal Cárdenas Cáceres, Carlos Cesar
245 ## - Titulo
Titulo Diseñar un plan de marketing digital para el posicionamiento de la Empresa "JDL Soluciones Informáticas" en la ciudad de La Paz, Distrito Maximiliano Paredes, Alto Huyustus.
260 ## - Editorial
Ciudad El Alto:
Nombre de la Editorial Universidad Privada San Francisco de Asís. Carrera de Ingeniería Comercial,
Fecha 2025
300 ## - Descripcion
Extension 127 p.
502 ## - Nota de Tesis
Nota de Tesis Modalidad: Proyecto de Grado <br/>Tutor: Ing. Sebastián Huallpa Quispe
520 ## - Resumen
Resumen La presente investigación tiene como objetivo diseñar un plan de marketing digital <br/>que permita fortalecer el posicionamiento de la empresa JDL Soluciones <br/>Informáticas, ubicada en el distrito Maximiliano Paredes, Alto Huyustus de la ciudad <br/>de La Paz. El estudio surge a partir de la limitada visibilidad digital de la empresa y <br/>la necesidad de adaptarse a las nuevas tendencias de consumo tecnológico. <br/> <br/>Para el desarrollo de la investigación se aplicó un enfoque mixto. Se realizaron <br/>encuestas a 384 personas del público objetivo, lo que permitió conocer sus <br/>preferencias, hábitos de compra y percepción de la empresa. Los resultados reflejan <br/>que los canales digitales más utilizados son Facebook, WhatsApp y TikTok, además <br/>de que los factores más valorados en la compra de laptops corresponden al precio <br/>competitivo, la garantía y el asesoramiento técnico. <br/> <br/>El diagnóstico evidenció que la empresa no cuenta con una estrategia digital <br/>consolidada, lo cual limita su posicionamiento en el mercado local. En este sentido, <br/>se plantea una propuesta basada en las 7P’s del marketing, el modelo Brand Key y <br/>los pilares del marketing digital, que incluye la apertura de canales oficiales en redes <br/>sociales, un plan de generación de contenidos, promociones online, así como un <br/>cronograma de implementación y evaluación mediante indicadores de desempeño <br/>(KPI’s). <br/> <br/>La investigación concluye que la aplicación de este plan de marketing digital <br/>permitirá a JDL Soluciones Informáticas mejorar su presencia en medios digitales, <br/>incrementar la confianza de los consumidores y consolidar un posicionamiento <br/>competitivo en el mercado paceño. <br/>
650 ## - Temas - Descriptores
Temas - Descriptores Ingeniería Comercial
650 ## - Temas - Descriptores
Temas - Descriptores Proyecto de Grado
650 ## - Temas - Descriptores
Temas - Descriptores Marketing digital
650 ## - Temas - Descriptores
Temas - Descriptores Empresa de informática
650 ## - Temas - Descriptores
Temas - Descriptores Estrategia digital
942 ## - ELEMENTOS DE KOHA
Esquema de Clasificaci
Tipo de Documento Tesis
Catalogador LLO
Existencias
Retirado (estado) Perdido (estado) Fuente de Clasificacion Deterioro (estado) Prestamo Coleccion Ubicacion permanente Ubicacion actual Fondo Fecha de adquisicion Origen de adquisicion Prestamos Signatura Topografica Codigo de barras Ultima fecha de verificacion Price effective from Tipo de Item
No Dañado Disponible   No Dañado Disponible Tesis Biblioteca USFA El Alto Biblioteca USFA El Alto Colección Tesis 03/25/2026 Depósito   ICO0040 C266dPG BEA01525 03/25/2026 03/25/2026 Tesis

Universidad Privada San Francisco de Asis (USFA)
Sopocachi, av. 20 de octubre esq. Belisario Salinas No.397 (Plaza Abaroa)
Telf.fax (+591-2) 2443773
info@usfa.edu.bo